| 000 | 00599nam a2200169Ia 4500 | ||
|---|---|---|---|
| 008 | 220216s9999 xx 000 0 und d | ||
| 100 | _aIdicula S.P. | ||
| 245 | 0 | _aPurple root disease and its control in rubber plantations | |
| 260 |
_bPlacrosym XV, 2002, Mysore, India. (Eds. K.Sreedharan, P.K. Vinod Kumar, Jayarama and Basavaraja M. Chaluki). Central Coffee Research Institute, Karnataka, India, pp. 609-612. _c2002 |
||
| 650 | _aPurple root | ||
| 650 | _aRubber plantation | ||
| 700 | _aJacob C.K. | ||
| 700 | _aManju M.J. | ||
| 700 | _aMushrif S.K. | ||
| 700 | _aPrem E.E. | ||
| 942 | _cBS | ||
| 999 |
_c52475 _d52475 |
||